[Event "Ch Hungary (team) 2005/06"]
[Site "masterchessopen.com Hungary"]
[Date "2005.11.27"]
[Round "4"]
[White "Ilincic Zlatko (SRB)"]
[Black "Ruck Robert (HUN)"]
[Result "0-1"]
[WhiteElo "2540"]
[BlackElo "2535"]

{ Ilincic Zlatko (SCG) +8 =14 -2 Ruck Robert (HUN) +0 =5 -0 Ilincic Zlatko
(SCG)-Ruck Robert (HUN) +0 =2 -0 } 1.d4 Nf6 2.c4 g6 3.g3 Bg7 ( 3...c6 4.Nc3 d5
5.cxd5 cxd5 6.Nh3 Bg7 7.Nf4 Nc6 8.Bg2 e6 9.e3 O-O 10.O-O b6 11.Qd2 Ba6 12.Rd1
Rc8 13.b3 Qd7 14.Ba3 Rfd8 15.Rac1 Ne8 16.Nd3 Nd6 17.Bf1 Qb7 18.Bg2 { 1/2-1/2,
Konopka Michal 2453 - Ruck Robert 2489 , Austria 2000 Staatsliga B South
1999/00 } ) 4.Bg2 d5 5.cxd5 Nxd5 6.e4 Nb4 { ? } ( 6...Nb6 7.Ne2 c5 8.d5 e6
9.Nbc3 exd5 10.exd5 O-O 11.O-O Na6 12.h3 Nc4 13.b3 Nd6 14.Bf4 b6 15.Qd2 Re8
16.Rad1 Bb7 17.g4 Nc7 18.a4 Ba6 19.Rfe1 Bxe2 20.Nxe2 Be5 21.Bg5 Bf6 22.Be3 Qd7
23.Ng3 Re7 24.Bf4 Rxe1+ 25.Rxe1 Re8 26.Rd1 { ...0-1, Lputian Smbat G 2618 -
Van Wely Loek 2714 , Moscow 2001 Ch World FIDE (KO-system) } ) 7.d5 c6 8.Ne2 (
8.a3 Qa5 9.Nc3 cxd5 10.Bf4 N4c6 11.exd5 Nd4 12.Nf3 Bg4 13.O-O O-O 14.Re1 Qb6
15.Na4 Qa6 16.Nc5 Qb6 { 1/2-1/2, Ilincic Zlatko 2540 - Ruck Robert 2535 , Neum
10. 6.2005 Ch Bosnia & Herzegovina (team) } 17.Na4 Qa6 18.Nc5 Qb6 { 1/2-1/2,
Ilincic Zlatko 2545 - Fogarasi Tibor 2481 , Budapest 11. 3.2006 It (cat.9) } )
8...cxd5 9.a3 { ?/± } ( 9.exd5 O-O 10.O-O Nd7 11.Nbc3 Ne5 12.Qb3 Nbd3 13.Be3
Ng4 14.Bd2 e6 15.h3 Nge5 16.Nf4 Nc5 17.Qb4 b6 18.b3 exd5 19.Ncxd5 g5 20.Nh5
Bxh3 21.Bxh3 Nf3+ 22.Kh1 Qxd5 23.Nxg7 Qxd2 24.Qg4 Ne5 25.Qf5 Kxg7 26.Qxe5+ f6
27.Qf5 Rad8 28.Rae1 Rfe8 { ...1/2-1/2, Huebner Robert Dr 2612 - Mihalcisin
Adrian 2533 , Leon 2001 Ch Europe (team) } ) 9...N4c6 ( 9...Qa5 10.O-O dxe4
11.Bd2 N8a6 12.Qe1 Bg4 13.Nf4 g5 14.Nc3 gxf4 15.axb4 Qxb4 16.Nd5 Qd6 17.Qxe4
Nc5 18.Qc4 f3 19.Rfe1 fxg2 20.Rxe7+ Kf8 21.Bf4 Qc6 22.Rc7 b5 23.Qb4 Qxd5
24.Rxc5 Qxc5 25.Qxc5+ Kg8 26.Qg5 h5 27.Be5 Rh7 28.Kxg2 b4 29.f4 { ...1-0,
Ilincic Zlatko 2536 - Brinck-Claussen Bjorn 2359 , Budapest 12. 5.2006 It
(cat.8) } ) 10.exd5 Ne5 11.O-O ( 11.f4 Ng4 12.h3 Nf6 13.Be3 O-O 14.Nbc3 Nbd7
15.O-O Nb6 16.Bf2 Nc4 17.Nd4 h5 18.Rc1 Nd6 19.Re1 Bh6 20.Nf3 Re8 21.Rc2 Bd7
22.Rce2 Nb5 23.Nxb5 Bxb5 24.Rd2 Qa5 25.d6 exd6 26.Rxd6 Bg7 27.Ne5 Ba6 28.Qb3
Re7 29.Red1 Qb5 30.Rd8+ Rxd8 { ...1-0, Byrne Robert E 2434 - Mednis Edmar J
2381 , New York 1959 Ch USA } ) 11...O-O { -0.07 CAP } 12.Nec3 { N } ( 12.Nbc3
Bg4 13.h3 Bf3 14.Bxf3 Nxf3+ 15.Kg2 Ne5 16.Qb3 Qc8 17.Bg5 Re8 18.Rfd1 Na6
19.Be3 b6 20.Bd4 Qb7 21.Nf4 Rac8 22.Qc2 e6 23.Qe4 exd5 24.Nfxd5 Qb8 25.Qf4 Nc7
26.Bxe5 Bxe5 27.Nf6+ Bxf6 { 1/2-1/2, Illescas Cordoba Miguel 2640 - Polgar
Judit 2665 , Dos Hermanas 1996 It (cat.19) } ) ( 12.h3 Na6 13.Nbc3 Bf5 14.Nd4
Bd3 15.Re1 Bc4 16.b3 Nd3 17.Re4 Bxd5 18.Nxd5 Qxd5 19.Rh4 Qd6 20.Qxd3 e5 21.Qb5
exd4 22.Bxb7 d3 23.Ra2 Nc7 24.Qc4 Rab8 25.Be4 Ne6 26.Be3 Bf6 27.Rh6 Bg5
28.Bxg5 Nxg5 29.Qxd3 Qxd3 30.Bxd3 Kg7 { 0-1, Merino Garcia Rafael 2285 -
Fernandez Garcia Jose Luis 2465 , Torrevieja 1997 Ch Spain } ) 12...Na6 13.h3
Bf5 14.g4 Bd7 15.Bf4 Nc4 16.d6 e5 17.Bc1 Qb6 18.Nd5 Qxd6 19.b3 e4 20.Nbc3 Nb6
21.Bf4 Qe6 22.Nxb6 axb6 23.Nxe4 Bc6 24.Re1 Rad8 25.Qc1 Qxb3 26.Rb1 Qa4 27.Bg5
Bxe4 { ?! } ( 27...Rde8 { !? } 28.Nf6+ Bxf6 29.Rxe8 Rxe8 30.Bxf6 Re6 31.Bxc6
Rxc6 32.Qb2 Nc7 33.Re1 Ne6 34.Qe5 { } ) 28.Rxe4 Rd4 29.Rxd4 Bxd4 30.Bxb7 Nc5
31.Rb4 { ?! } ( 31.Qd1 { !? } 31...Qxd1+ 32.Rxd1 Bxf2+ 33.Kxf2 Nxb7 34.Kg2 Ra8
35.Bh6 Nc5 36.Rd6 Na4 37.Kf3 b5 38.Rd5 { } ) 31...Qd7 32.Qc4 Ne6 33.Bc6 Qd6
34.Bh4 Rc8 { } {#R} 0-1

[Event "Ch Slovenia (team)"]
[Site "masterchessopen.com Bled (Slovenia)"]
[Date "2005.12.01"]
[Round "8"]
[White "Sebenik Matej (SLO)"]
[Black "Jelen Igor (SLO)"]
[Result "0-1"]
[WhiteElo "2407"]
[BlackElo "2359"]

1.d4 Nf6 2.c4 g6 3.g3 Bg7 4.Bg2 d5 5.cxd5 Nxd5 6.e4 Nb4 7.a3 N4c6 8.d5 Nd4
9.Ne2 Bg4 10.Nbc3 c6 11.h3 Bf3 12.Bxf3 Nxf3+ 13.Kf1 cxd5 14.exd5 O-O 15.Be3
Nd7 16.Kg2 Nfe5 17.b3 Nb6 18.a4 e6 19.f4 Ned7 20.dxe6 fxe6 21.Qd6 Qe8 22.a5
Nd5 23.Nxd5 exd5 24.Qxd5+ Rf7 25.Qd3 Bxa1 26.Rxa1 Nf6 27.Rd1 Re7 28.Kf2 Ne4+
29.Kf3 Qf7 30.Qd5 a6 31.Bb6 Rc8 32.Qxf7+ Kxf7 33.Rd3 Rc2 34.Nd4 Rd2 35.Rxd2
Nxd2+ 36.Kg4 Re1 37.h4 h5+ 38.Kg5 Ne4+ 39.Kh6 Nxg3 40.Nf3 Rb1 41.Ne5+ Kf6
42.Nxg6 Rxb3 43.Bc7 Kf5 44.Ne7+ Kg4 45.f5 Nxf5+ 46.Nxf5 Kxf5 47.Kxh5 Rc3
48.Bb6 Rc6 49.Bd4 Rd6 50.Bf2 Kf4 51.Bb6 Rxb6 52.axb6 Kf5 53.Kh6 a5 54.h5 a4
{#R} 0-1

[Event "It (cat.9)"]
[Site "masterchessopen.com Budapest (Hungary)"]
[Date "2006.03.11"]
[Round "8"]
[White "Ilincic Zlatko (SRB)"]
[Black "Fogarasi Tibor (HUN)"]
[Result "1/2-1/2"]
[WhiteElo "2451"]
[BlackElo "2425"]

1.d4 Nf6 2.c4 g6 3.g3 Bg7 4.Bg2 d5 5.cxd5 Nxd5 6.e4 Nb4 7.d5 c6 8.a3 Qa5 9.Nc3
cxd5 10.Bf4 N4c6 11.exd5 Nd4 12.Nf3 Bg4 13.O-O O-O 14.Re1 Qb6 15.Na4 Qa6
16.Nc5 Qb6 17.Na4 Qa6 18.Nc5 Qb6 {#d} 1/2-1/2

[Event "It (cat.8)"]
[Site "masterchessopen.com Budapest (Hungary)"]
[Date "2006.05.12"]
[Round "6"]
[White "Ilincic Zlatko (SRB)"]
[Black "Brinck-Claussen Bjorn (DEN)"]
[Result "1-0"]
[WhiteElo "2451"]
[BlackElo "2361"]

1.d4 Nf6 2.c4 g6 3.g3 Bg7 4.Bg2 d5 5.cxd5 Nxd5 6.e4 Nb4 7.d5 c6 8.Ne2 cxd5
9.a3 Qa5 10.O-O dxe4 11.Bd2 N8a6 12.Qe1 Bg4 13.Nf4 g5 14.Nc3 gxf4 15.axb4 Qxb4
16.Nd5 Qd6 17.Qxe4 Nc5 18.Qc4 f3 19.Rfe1 fxg2 20.Rxe7+ Kf8 21.Bf4 Qc6 22.Rc7
b5 23.Qb4 Qxd5 24.Rxc5 Qxc5 25.Qxc5+ Kg8 26.Qg5 h5 27.Be5 Rh7 28.Kxg2 b4 29.f4
Kh8 30.Rxa7 Rf8 31.Rxf7 {#r} 1-0

[Event "It (open) \"]
[Site "masterchessopen.com Berlin (Germany)"]
[Date "2006.05.27"]
[Round "5"]
[White "Jaeger Andre (GER)"]
[Black "Czaeczine Anne (GER)"]
[Result "1/2-1/2"]
[WhiteElo "2103"]
[BlackElo "2184"]

1.d4 Nf6 2.c4 g6 3.g3 Bg7 4.Bg2 d5 5.cxd5 Nxd5 6.e4 Nb4 7.d5 c6 8.Ne2 O-O
9.O-O cxd5 10.Qb3 a5 11.a3 N4a6 12.exd5 Nc5 13.Qc2 Nba6 14.Nbc3 Bf5 15.Qd1 Bd3
16.Re1 Bc4 17.Nf4 Nb3 18.Re4 b5 19.Nxb5 Bxb5 20.Qxb3 Rb8 21.Qe3 Re8 22.Bd2
Bxb2 23.Re1 a4 24.h4 Qd6 25.h5 Qxa3 26.hxg6 hxg6 27.Qa7 Ra8 28.Qb7 Rab8 29.Qa7
Ra8 30.Qb7 Reb8 31.Qxe7 Qxe7 32.Rxe7 Ba3 33.R7e3 Bc5 34.Rc3 Bd4 35.Rcc1 Rc8
36.d6 Rxc1 37.Bxc1 Rc8 38.Nd5 Rc2 39.Ne7+ Kg7 40.Be3 Bb2 41.Rd1 a3 42.Bd5 Nb4
43.Bb3 a2 44.Bxa2 Nxa2 45.d7 Bxd7 46.Rxd7 Nb4 47.Rb7 Bc3 48.Rc7 Bf6 {#d}
1/2-1/2

[Event "Ch Bosnia & Herzegovina (team)"]
[Site "masterchessopen.com Teslic (Bosnia & Herzegovina)"]
[Date "2006.06.25"]
[Round "8"]
[White "Blagojevic Dragisa (MNE)"]
[Black "Ruck Robert (HUN)"]
[Result "1/2-1/2"]
[WhiteElo "2534"]
[BlackElo "2526"]

1.d4 Nf6 2.c4 g6 3.g3 Bg7 4.Bg2 d5 5.cxd5 Nxd5 6.e4 Nb4 7.d5 c6 8.a3 Qa5 9.Nc3
cxd5 10.Bf4 N4c6 11.exd5 Nd4 12.Nf3 Bg4 13.O-O O-O 14.Re1 Qb6 15.Na4 Qa6
16.Nc5 Qb6 17.Na4 {#d} 1/2-1/2

[Event "It (cat.2)"]
[Site "masterchessopen.com Vagur (Faroe Islands)"]
[Date "2006.06.26"]
[Round "3"]
[White "Bekker-Jensen Simon (DEN)"]
[Black "Nilssen John Arni (FAI)"]
[Result "1/2-1/2"]
[WhiteElo "2371"]
[BlackElo "2373"]

1.d4 Nf6 2.c4 g6 3.g3 Bg7 4.Bg2 d5 5.cxd5 Nxd5 6.e4 Nb4 7.a3 N4c6 8.d5 Nd4
9.Ne2 Bg4 10.Nbc3 O-O 11.O-O Nxe2+ 12.Nxe2 c6 13.h3 Bc8 14.Nc3 e6 15.Be3 exd5
16.exd5 cxd5 17.Qxd5 Nc6 18.Rad1 Qxd5 19.Nxd5 Bf5 20.b4 Bc2 21.Rd2 Ba4 22.Rb1
h6 23.Bc5 Rfd8 24.b5 Na5 25.Ne7+ Kh7 26.Rxd8 Rxd8 27.Bxa7 Bf8 28.Nd5 Nc4
29.Rc1 Bxb5 30.a4 Ba6 31.Nc7 Rd7 32.Nxa6 bxa6 33.Bb8 Nb2 34.Bc6 Rd1+ 35.Rxd1
Nxd1 36.Ba7 a5 37.Kf1 Nc3 38.Kg2 Bb4 39.Kf3 Kg8 40.g4 Kf8 41.Bd4 Ke7 42.Ke3
Kd6 43.Be8 Ke7 44.Bc6 Kd6 45.Be8 Ke7 46.Kd3 Nd5 47.Bb5 Nf4+ 48.Ke4 Nxh3 49.f4
g5 {#d} 1/2-1/2

[Event "It \"]
[Site "masterchessopen.com Brno (Czech Republic)"]
[Date "2006.07.01"]
[Round "2"]
[White "Jirka Jiri (CZE)"]
[Black "Bernasek Jan (CZE)"]
[Result "1/2-1/2"]
[WhiteElo "2345"]
[BlackElo "2470"]

1.d4 Nf6 2.c4 g6 3.g3 Bg7 4.Bg2 d5 5.cxd5 Nxd5 6.e4 Nb4 7.d5 O-O 8.Ne2 c6 9.a3
N4a6 10.O-O cxd5 11.exd5 Nd7 12.Nbc3 Ne5 13.h3 Nc4 14.b3 Nd6 15.Bf4 Bd7 16.Rc1
Qa5 17.Nb1 Rfc8 18.Rxc8+ Rxc8 19.Bd2 Qd8 20.Bc3 Qf8 21.Re1 Bf5 22.Bd4 Nb5
23.Qd2 Nc5 24.Qe3 Nxd4 25.Nxd4 Bxd4 26.Qxd4 Qg7 27.Qxg7+ Kxg7 28.Nd2 Rc7 29.g4
Bc8 30.d6 exd6 31.Nc4 Be6 32.Nxd6 Kf8 33.b4 Nd3 34.Re3 Nf4 35.Nb5 Rc1+ 36.Kh2
Nxg2 37.Kxg2 a6 38.Nd4 Bd5+ 39.f3 Rd1 40.Ne2 Rd2 41.Kg3 g5 42.Nc3 Bc6 43.h4 h6
44.hxg5 hxg5 45.Ne4 {#d} 1/2-1/2

[Event "Memorial Izmailov (open)"]
[Site "masterchessopen.com Tomsk (Russia)"]
[Date "2006.07.17"]
[Round "6"]
[White "Beletsky Alexey (RUS)"]
[Black "Nevostrujev Vladimir (RUS)"]
[Result "1/2-1/2"]
[WhiteElo "2386"]
[BlackElo "2464"]

1.d4 Nf6 2.c4 g6 3.g3 Bg7 4.Bg2 d5 5.cxd5 Nxd5 6.e4 Nb4 7.d5 a5 8.Nc3 O-O
9.Nge2 e6 10.a3 N4a6 11.Be3 exd5 12.exd5 Re8 13.O-O Bg4 14.h3 Bxe2 15.Qxe2 Nd7
16.Qb5 Rxe3 17.fxe3 Nac5 18.Na4 Nxa4 19.Qxa4 Qe7 20.Rae1 Bxb2 21.d6 cxd6
22.Qb3 Bf6 23.Qxb7 Rb8 24.Qc7 Rb2 25.Qxa5 Nc5 26.Qa8+ Kg7 27.Qd5 Rb3 28.Rf3
Rxa3 29.h4 Qe5 30.Qc4 Ne4 31.Qb4 Qc3 32.Qxc3 Bxc3 33.Rd1 f5 34.g4 fxg4 35.Rf4
Nf6 36.Rxd6 Be5 37.Rdxf6 Bxf6 38.Rxg4 Rxe3 39.h5 g5 40.Kf2 Rc3 41.Bf3 Rc2+
42.Kf1 Be7 43.Re4 Kf6 44.Bg4 Rc6 45.Ke2 h6 46.Kd3 Bd8 47.Rc4 Ra6 48.Re4 Bc7
49.Kc4 Be5 50.Kd5 Rd6+ 51.Kc5 Rd2 52.Kc4 Rg2 53.Kd5 Bf4 54.Re6+ Kf7 55.Bf5
Rd2+ 56.Ke4 Re2+ 57.Kd5 Ra2 58.Bg6+ Kg7 59.Re7+ Kf8 60.Re8+ {#d} 1/2-1/2

[Event "Bundesliga"]
[Site "masterchessopen.com Austria"]
[Date "2007.03.08"]
[Round "8"]
[White "Horvath Peter_ (HUN)"]
[Black "Ftacnik Lubomir (SVK)"]
[Result "0-1"]
[WhiteElo "2469"]
[BlackElo "2553"]

{ Horvath Peter_ (HUN) +1 =1 -0 Ftacnik Lubomir (SVK) +1 =3 -2 } 1.d4 Nf6 2.c4
g6 3.g3 Bg7 4.Bg2 d5 5.cxd5 Nxd5 6.e4 Nb4 { ? } ( 6...Nb6 7.Ne2 c5 8.d5 e6
9.Nbc3 exd5 10.exd5 O-O 11.O-O Na6 12.h3 Nc4 13.b3 Nd6 14.Bf4 b6 15.Qd2 Re8
16.Rad1 Bb7 17.g4 Nc7 18.a4 Ba6 19.Rfe1 Bxe2 20.Nxe2 Be5 21.Bg5 Bf6 22.Be3 Qd7
23.Ng3 Re7 24.Bf4 Rxe1+ 25.Rxe1 Re8 26.Rd1 { ...0-1, Lputian Smbat G 2618 -
Van Wely Loek 2714 , Moscow 2001 Ch World FIDE (KO-system) } ) 7.a3 { ? } (
7.d5 c6 8.a3 Qa5 9.Nc3 cxd5 10.Be3 N4c6 11.exd5 Ne5 12.Bd4 Bf5 13.Bxe5 Bxe5
14.Ne2 O-O 15.O-O Qb6 16.Na4 Qd6 17.Re1 Na6 18.Nd4 Bd7 19.Nc3 Bg7 20.Qd2 Nc5
21.Rad1 Rac8 22.Qe3 Rfe8 23.Nc6 Bxc3 24.Qxc3 a6 25.Qe3 Bg4 26.Rd4 bxc6 {
...1-0, Ivanchuk Vassily 2731 - Van Wely Loek 2714 , Monaco 2001 It "Melody
Amber" (active) } ) 7...N4c6 8.d5 Nd4 9.Ne2 ( 9.Nc3 O-O 10.Be3 c5 11.Nge2 e5
12.O-O a5 13.h3 b6 14.f4 Ba6 15.Rf2 Nd7 16.f5 Qe7 17.a4 Rab8 18.Bf1 Rbd8 19.g4
Bxe2 20.Nxe2 Qh4 21.Bg2 Bh6 22.Bxh6 Qxh6 23.Ra3 Nf6 24.Qf1 Qh4 25.Nxd4 cxd4
26.fxg6 fxg6 27.Raf3 Kg7 28.Qa6 Nd7 { ...1/2-1/2, Epishin Vladimir 2650 -
Babula Vlastimil 2515 , Brno 1994 It (cat.13) "Barbarela Cup" } ) 9...Bg4 (
9...Nxe2 10.Qxe2 b6 11.Be3 Ba6 12.Qc2 O-O 13.Nc3 c5 14.f4 Bd4 15.Qd2 e5
16.dxe6 Nc6 17.exf7+ Rxf7 18.O-O-O Na5 19.Qf2 Qe8 20.Nd5 Bc4 21.Bxd4 cxd4
22.Kb1 d3 23.b4 Rb8 24.e5 Qxe5 25.fxe5 Rxf2 26.Nf6+ Kg7 27.Bd5 Rd8 28.bxa5
Bxd5 29.Nxd5 { ...0-1, Dautov Rustem 2604 - Gutman Lev 2495 , Saarbrucken 2002
Ch Germany } ) 10.Nbc3 { = } 10...c6 ( 10...Bf3 { +0.00 CAP } ) 11.O-O ( 11.h3
Bf3 12.Bxf3 Nxf3+ 13.Kf1 Ne5 ( 13...cxd5 14.Qxd5 Nc6 15.Kg2 Nfe5 16.f4 Nd3
17.Rd1 Nxc1 18.Raxc1 Qxd5 19.Nxd5 O-O 20.e5 Rfd8 21.Nec3 f6 22.exf6 exf6 23.f5
gxf5 24.Rc2 Kf7 25.Rf2 Ne7 26.Nxe7 Rxd1 27.Nxd1 Kxe7 28.Ne3 Rd8 29.Nxf5+ Kf7
30.Rc2 Bf8 { ...1/2-1/2, Vaganian Rafael A 2640 - Timofeev Artyom 2611 , Sochi
28. 4.2004 Ch Russia (club) } ) 14.Kg2 cxd5 15.exd5 O-O 16.b3 Na6 17.Be3 Nc7 {
1/2-1/2, Horvath Peter_ 2477 - Flumbort Andras 2490 , Austria 16.10.2004
Bundesliga B Mitte 2004/05 } ) ( 11.Bh6 { +0.41 CAP } ) 11...Nxe2+ ( 11...Nf3+
12.Kh1 h5 13.h3 Nd7 14.Ng1 Nh2 15.f3 Nxf1 16.Bxf1 Ne5 17.fxg4 hxg4 18.h4 Qb6
19.Qe2 Bh6 20.Kg2 O-O-O 21.b4 Kb8 22.Bb2 f6 23.b5 cxb5 24.Nxb5 Be3 25.Bxe5+
fxe5 26.Qxg4 Bxg1 27.Qg5 Qf2+ 28.Kh3 Qf6 29.Qxf6 exf6 30.Be2 Bc5 31.Rc1 {
...0-1, Zaichik Gennadi 2492 - Fernandez Garcia Jose Luis 2470 , Spain 1991
Match "Euskadi-Georgia" } ) 12.Nxe2 O-O 13.h3 Bd7 { +0.11 CAP } ( 13...Bc8
14.Nf4 cxd5 15.exd5 Na6 16.Re1 Nc7 17.Qe2 e5 18.dxe6 Nxe6 19.Nxe6 { 1/2-1/2,
Gavrikov Viktor 2552 - Ftacnik Lubomir 2533 , Austria 20.11.2004 Bundesliga
2004/05 } ) 14.Nf4 { N } ( 14.Nc3 e6 15.d6 e5 16.Be3 Be6 17.Qd3 Nd7 18.f4 Nb6
19.Rf2 f5 20.fxe5 Bxe5 21.Bf4 Bxf4 22.Rxf4 fxe4 23.Rxf8+ Qxf8 24.Nxe4 Qg7
25.Nc5 Bd5 26.Bxd5+ Nxd5 27.Re1 b6 28.d7 Qf7 29.Qe4 Rf8 30.Ne6 Qxd7 31.Nxf8
Kxf8 32.Qe6 Qc7 33.Qe8+ Kg7 { ...1/2-1/2, Donner Jan-Hein 2430 - Milic
Borislav, Utrecht 24. 6.1950 Match "Netherlands-Yugoslavia" } ) 14...Na6
15.Re1 cxd5 16.exd5 Nc5 17.a4 Rc8 18.Ra3 Nxa4 19.Rxa4 Rxc1 20.Qxc1 Bxa4 21.Qc5
a5 22.Rxe7 b6 23.Qe3 Bxb2 24.Nd3 Bf6 25.Rb7 Bc2 { ?! } ( 25...Re8 { !? }
26.Qxb6 Qxb6 27.Rxb6 Bd4 28.Rb7 Bc2 29.Nf4 g5 30.Nh5 Bd1 31.g4 { } ) 26.Nf4 a4
27.Rxb6 Bb3 28.Rb7 { ?! } ( 28.d6 { !? } 28...Re8 29.Qc5 Re1+ 30.Kh2 Rc1
31.Qxc1 Qxb6 32.d7 Kg7 33.Nd3 { } ) 28...Re8 29.Qc5 Be5 30.Nd3 Bd6 31.Qb5 Re7
32.Rb6 Bc2 33.Rc6 Bxd3 34.Qxd3 a3 35.Qc2 { ? } ( 35.Qa6 Re1+ 36.Kh2 Qf6 37.Qb6
a2 38.Rxd6 Qxd6 39.Qxd6 a1=Q 40.Bf3 Qd4 41.Qb8+ Kg7 { } ) 35...Re1+ 36.Kh2 Qf6
37.Qd2 Rb1 38.Rc2 Kg7 39.Be4 Qe5 40.Bf3 h5 41.h4 Rb2 42.Rxb2 axb2 43.Qc2 f5
44.Kg2 Qd4 { } {#R} 0-1

[Event "Ch Bosnia & Herzegovina (team)"]
[Site "masterchessopen.com Vogosca (Bosnia & Herzegovina)"]
[Date "2007.06.04"]
[Round "3"]
[White "Ilincic Zlatko (SRB)"]
[Black "Ruck Robert (HUN)"]
[Result "1-0"]
[WhiteElo "2545"]
[BlackElo "2561"]

1.d4 Nf6 2.c4 g6 3.g3 Bg7 4.Bg2 d5 5.cxd5 Nxd5 6.e4 Nb4 7.d5 c6 8.Ne2 cxd5
9.a3 N4c6 10.exd5 Ne5 11.f4 Ng4 12.h3 Nf6 13.Be3 O-O 14.Nbc3 Nbd7 15.O-O Nb6
16.Bf2 Nc4 17.Nd4 Bd7 18.Qe2 Rc8 19.Rfd1 Nd6 20.Rac1 a6 21.Nf3 Qc7 22.Ne5 Rfd8
23.Kh2 Qb8 24.Bb6 Re8 25.a4 Rf8 26.b3 Be8 27.Na2 Bd7 28.g4 Be8 29.Nb4 h6
30.Nbd3 g5 31.fxg5 hxg5 32.Kh1 Rxc1 33.Rxc1 Nc8 34.Bd4 Nd6 35.Qe3 Nh7 36.Ba7
Qa8 37.Rc7 Qd8 38.Bb6 Nc8 39.Rxb7 Nxb6 40.Qxb6 Qc8 41.Qc7 Qxc7 42.Rxc7 f5
43.Rxe7 f4 44.d6 Bf6 45.Bd5+ Kh8 46.Ra7 {#r} 1-0

[Event "It (cat.4)"]
[Site "masterchessopen.com Groningen (Netherlands)"]
[Date "2007.06.12"]
[Round "3"]
[White "Monroy Charles (FRA)"]
[Black "Bedouin Xavier (FRA)"]
[Result "1/2-1/2"]
[WhiteElo "2368"]
[BlackElo "2342"]

1.c4 Nf6 2.g3 g6 3.Bg2 d5 4.cxd5 Nxd5 5.d4 Bg7 6.e4 Nb4 7.a3 N4c6 8.d5 Nd4
9.Ne2 Bg4 10.Nbc3 c6 11.h3 Bf3 12.Bxf3 Nxf3+ 13.Kf1 O-O 14.Kg2 Ne5 15.Bg5 h6
16.Bf4 cxd5 17.Qxd5 {#d} 1/2-1/2

[Event "Ch Paris (open)"]
[Site "masterchessopen.com Paris (France)"]
[Round "3"]
[White "Tregubov Pavel V (RUS)"]
[Black "Lupu Mircea-Sergiu (FRA)"]
[Result "1-0"]
[WhiteElo "2609"]
[BlackElo "2438"]

{ Tregubov Pavel V (RUS) +2 =5 -0 } 1.d4 Nf6 2.c4 g6 3.g3 Bg7 4.Bg2 d5 5.cxd5
Nxd5 6.e4 Nb4 { ? } ( 6...Nb6 7.Ne2 O-O 8.O-O Nc6 9.d5 Na5 10.Nbc3 c6 11.Re1
cxd5 12.exd5 Nac4 13.b3 Nd6 14.Ba3 Bg4 15.Rc1 Rc8 16.Qd3 Nd7 17.Nd4 Qb6 18.Nf3
Nc5 19.Qd2 Qa6 20.Bxc5 Rxc5 21.Na4 Rxc1 22.Rxc1 Rc8 23.Rxc8+ Nxc8 24.Qb4 h5
25.h3 Bxf3 26.Bxf3 { ...1/2-1/2, Tregubov Pavel V 2613 - Navara David 2719 ,
France 29. 4.2007 Ch France (team) 2007 } ) 7.d5 c6 8.a3 Qa5 9.Nc3 cxd5 10.Bf4
N4c6 11.exd5 Nd4 12.Nf3 { ?/= } ( 12.Rc1 O-O 13.Nf3 Bg4 14.h3 Bxf3 15.Bxf3 Qa6
16.Be4 Nd7 17.Be3 Nf5 18.Bxf5 gxf5 19.Qe2 Ne5 20.Qxa6 bxa6 21.Ke2 Nc4 22.Na4
Nxb2 23.Nxb2 Bxb2 24.Rc6 Bxa3 { 1/2-1/2, Karpov Anatoly 2775 - Anand
Viswanathan 2725 , Monaco 1995 It "Melody Amber" (blindfold) } ) 12...Bg4
13.O-O O-O 14.Re1 Qb6 15.Rb1 e6 ( 15...Nd7 16.Rxe7 Rac8 17.d6 g5 18.Bxg5 Qxd6
19.Ne4 Qg6 20.Nh4 Qxg5 21.Nxg5 Bxd1 22.Rxd1 Nc5 23.b4 Bf6 24.Ree1 Nce6 25.Nxe6
fxe6 26.Bxb7 Rc3 27.Re3 Rxe3 28.fxe3 Nc2 29.Ng2 Nxa3 30.Nf4 Rd8 31.Rc1 Bg5
32.Rc3 Nb1 33.Rc7 e5 34.Be4 exf4 35.exf4 { ...1/2-1/2, Tregubov Pavel V 2629 -
Belov Vladimir 2552 , St. Petersburg 5.2004 Ch Russia (qual) } ) 16.Be3 {
+0.26 CAP N } ( 16.Re4 Nd7 17.Na4 Nxf3+ 18.Bxf3 Bxf3 19.Qxf3 Qa6 ( 19...Qa5
20.dxe6 fxe6 21.Qd1 Qf5 22.Re2 e5 23.Be3 e4 24.Nc3 Rae8 25.Qd5+ Qxd5 26.Nxd5
b6 27.Bf4 Nc5 28.Nc7 Rc8 29.Nb5 Nd3 30.Be3 Ra8 31.Nc7 Rac8 32.Ne6 Rfe8 33.Nxg7
Kxg7 34.Bd4+ Kf7 35.Bc3 Rc5 { ...1/2-1/2, Ilincic Zlatko 2540 - Fogarasi Tibor
2482 , Budapest 7. 3.2005 It (cat.7) } ) 20.dxe6 fxe6 21.Qe2 Qxe2 22.Rxe2 e5
23.Be3 e4 24.Nc3 Bxc3 25.bxc3 b6 26.Bd4 Rae8 27.Kg2 Rf5 28.c4 Rf3 29.Rd1 Rb3
30.Re3 Rxe3 31.Bxe3 Ne5 32.Rd4 Rc8 33.c5 Ng4 34.cxb6 Nxe3+ 35.fxe3 Rc2+ {
...1/2-1/2, Ilincic Zlatko 2540 - Flumbort Andras 2448 , Budapest 6. 2.2005 It
(cat.7) } ) 16...e5 17.h3 Bf5 18.Rc1 Nxf3+ 19.Qxf3 Qxb2 20.g4 Bd7 21.Bc5 Na6
22.Rb1 Qxb1 23.Rxb1 Nxc5 24.Ne4 Nxe4 25.Qxe4 f5 26.Qe3 b6 27.Rc1 fxg4 28.Rc7
Rad8 29.Rxa7 gxh3 30.Bxh3 Bxh3 31.Qxh3 Rf6 32.Qh2 { ? } ( 32.Qc3 Rdf8 33.Qxe5
R6f7 34.Qe6 Bd4 35.Rxf7 Rxf7 36.d6 Bf6 37.d7 Bd8 38.Kg2 Kg7 39.Qe5+ { } )
32...Ra8 { ?? } ( 32...Rxd5 33.Qh4 Rd4 34.Ra8+ Rf8 35.Rxf8+ Bxf8 36.Qf6 Bc5
37.Qe6+ Kg7 38.Qxe5+ Kh6 39.Qh2+ Kg7 { } ) {#r} 1-0

[Event "It \"]
[Site "masterchessopen.com Brno (Czech Republic)"]
[Date "2007.07.08"]
[Round "11"]
[White "Jirka Jiri (CZE)"]
[Black "Bernasek Jan (CZE)"]
[Result "0-1"]
[WhiteElo "2385"]
[BlackElo "2530"]

1.d4 Nf6 2.c4 g6 3.g3 Bg7 4.Bg2 d5 5.cxd5 Nxd5 6.e4 Nb4 7.d5 c6 8.Ne2 O-O 9.a3
N4a6 10.O-O cxd5 11.exd5 Nd7 12.Nbc3 Ne5 13.h3 Nc4 14.Qa4 Nd6 15.Be3 Nf5
16.Qe4 Bd7 17.Rad1 Rc8 18.Bf4 Nd6 19.Qf3 Qb6 20.b4 Rc4 21.Be3 Qc7 22.Bd4 Rc8
23.Bxg7 Kxg7 24.Rd3 Qd8 25.g4 Nc7 26.Re1 Ncb5 27.Nxb5 Bxb5 28.Re3 a5 29.Nc3
Be8 30.Bf1 R4c7 31.h4 axb4 32.axb4 Nc4 33.Bxc4 Rxc4 34.Qg3 Qc7 35.Qxc7 R8xc7
36.d6 R7c6 37.Ne4 exd6 38.g5 Bd7 39.b5 Rb6 40.Nf6 Be6 41.Rxe6 fxe6 42.Rxe6 Kf7
43.Re8 Rxh4 44.Rc8 Rxb5 45.Rc7+ Ke6 46.Nxh7 Kf5 47.Rf7+ Ke4 48.Nf6+ Kd3 49.f3
Rxg5+ 50.Ng4 Rhxg4+ 51.fxg4 Rxg4+ 52.Kf2 b5 {#R} 0-1